| 000 | 00775nam a2200241 i 4500 | ||
|---|---|---|---|
| 001 | 112601 | ||
| 003 | ES-MaACL | ||
| 005 | 20230906185552.0 | ||
| 007 | t| | ||
| 008 | 061121s1962 sp f r ||||1| spa d | ||
| 080 | _a821-31(082.2):61 | ||
| 245 | 0 | 4 | _aLas novelas de la Medicina. |
| 260 |
_aBarcelona : _bLuis de Caralt, _c1962. |
||
| 300 |
_aXVI, 1337 p., 24 lám. ; _c20 cm. |
||
| 505 | 8 |
_aContiene: ; _tCuerpos y almas / _rMaxence van der Meersch. -- _tEl hakim / _rJohn Knittel. -- _tLa ciudadela / _rArchibald Joseph Cronin |
|
| 700 | 1 |
_aVan der Meersch, Maxence. _9113032 |
|
| 700 | 1 |
_aKnittel, John. _968354 |
|
| 700 | 1 |
_aCronin, A. J. _941692 |
|
| 740 | 0 | _aCuerpos y almas. | |
| 740 | 3 | _aEl hakim. | |
| 740 | 3 | _aLa ciudadela. | |
| 852 |
_aES-MaACL _jE-4825 |
||
| 999 |
_c112601 _d112601 |
||